Integrated Chinese Level 1 Basic Radicals - Statistics

General Stats
  • This quiz has been taken 180 times
    179 since last reset
  • The average score is 18 of 39
Answer Stats
Hint Answer % Correct
人 (rén) person
94%
水 (shuǐ) water
77%
口 (kǒu) mouth
75%
刀 (dāo) knife
72%
日 (rì) sun
72%
月 (yuè) moon
71%
火 (huǒ) fire
68%
木 (mù) tree
68%
手 (shǒu) hand
66%
心 (xīn) heart
66%
大 (dà) big
65%
小 (xiǎo) small
63%
幺 (yāo) tiny/small
63%
子 (zi) child/placeholder to make words double letter/son
62%
耳 (ěr) ear
60%
女 (nǚ) female
58%
雨 (yǔ) rain
58%
马 (mǎ) horse
57%
土 (tǔ) earth
54%
力 (lì) power
54%
门 (mén) door
49%
目 (mù) eye
49%
工 (gōng) labor/work
45%
足 (zú) foot
43%
金 (jīn) gold
43%
走 (zǒu) walk
40%
食 (shí) eat
34%
又 (yòu) again
32%
寸 (cùn) inch
28%
弓 (gōng) bow
20%
衣 (yī) clothing
18%
田 (tián) farm
17%
夕 (xī) sunset
14%
示 (shì) show
11%
贝 (bèi) cowrie shell
9%
围 (wéi) enclose
9%
隹 (zhuī) short-tailed bird
9%
戈 (gē) dagger-axe
8%
糸 (mì) fine silk
8%
No matching quizzes found
Score Distribution
Percent of People with Each Score
Percentile by Number Answered
Your Score History
You have not taken this quiz since the last reset